Costa del tax changes (Record no. 78539)

MARC details
000 -LEADER
fixed length control field 00723cab a22001935a 4500
001 - CONTROL NUMBER
control field L137082
008 - FIXED-LENGTH DATA ELEMENTS--GENERAL INFORMATION
fixed length control field 070313e2007 xxk 000 0 eng d
035 ## - SYSTEM CONTROL NUMBER
System control number (Sirsi) u137082
041 0# - LANGUAGE CODE
Language code of text/sound track or separate title eng
100 1# - MAIN ENTRY--PERSONAL NAME
Personal name Fernando Del Canto, Leon
245 00 - TITLE STATEMENT
Title Costa del tax changes
260 ## - PUBLICATION, DISTRIBUTION, ETC.
Date of publication, distribution, etc. 2007
490 #0 - SERIES STATEMENT
Series statement Taxation
Volume/sequential designation 159(4098) 8 March 2007, 278-280(3)
520 ## - SUMMARY, ETC.
Summary, etc. Discusses how Spanish tax reforms will affect British owners of holiday homes in Spain. Reports on how new rules expand the expand the concept of Spanish residence for offshore companies beyond the management and control criteria.
590 ## - LOCAL NOTE (RLIN)
Local note KA
651 #4 - SUBJECT ADDED ENTRY--GEOGRAPHIC NAME
Geographic name SPAIN
690 ## - LOCAL SUBJECT ADDED ENTRY--TOPICAL TERM (OCLC, RLIN)
Topical term or geographic name as entry element PROPERTY-RESIDENTIAL PROPERTY-RESIDENTIAL PROPERTY TAXATION
942 ## - ADDED ENTRY ELEMENTS (KOHA)
Suppress in OPAC 0
Holdings
Withdrawn status Lost status Source of classification or shelving scheme Damaged status Not for loan Home library Current library Shelving location Date acquired Total Checkouts Full call number Barcode Date last seen Copy number Price effective from Koha item type
    Dewey Decimal Classification     London London Journal article 13/03/2007   L137082 137082-1001 06/08/2019 1 06/08/2019 Archive